Matroid applications

Saved in:
Bibliographic Details
Other Authors: White, Neil 1945- (Editor)
Format: Book
Language:English
Published: Cambridge : Cambridge University Press, 1992
Series:Encyclopedia of mathematics and its applications ; ; 40
Subjects:
Tags: Add Tag
No Tags, Be the first to tag this record!

MARC

LEADER 00000nam a2200000 i 4500
001 1/71299
008 990303s1992 eng d
020 |a 0521381657 
035 |l 10048288 
040 |a GR-MY-UA  |b eng  |e aacr 
041 0 |a eng 
082 0 |a 511.6 
245 1 0 |a Matroid applications /  |c edited by Neil White 
260 |a Cambridge :   |b Cambridge University Press,   |c 1992 
300 |a xii, 363 p.;  |b ill.;  |c 24 cm. 
490 1 |a Encyclopedia of mathematics and its applications  |v ; 40 
500 |a Includes bibliographical references and index 
650 0 0 |a Matroids. 
700 1 |a White, Neil  |d 1945-  |4 edt 
830 0 |a Encyclopedia of mathematics and its applications ;  |v ; 40 
852 |a INST  |b SAMOS  |e 19990303  |h 511.6 MAT  |p 005300013376  |q 005300013376  |t BK  |y 0 
901 |a BIBL-1999-1 
909 |a Σ  |b 062958 
922 |a 3ΕΛΗ  |b 199901  |c ΕΠΕΑΕΚ/ΜΑΘ  |d LEADER